| 000 | 01044nam a2200217 a 4500 | ||
|---|---|---|---|
| 008 | 120416s1979 ||||||||||||||||| || u | ||
| 020 | _a0070325170 | ||
| 050 | _aT 353 Jen | ||
| 100 | _aJensen, Cecil Howard, 1925- | ||
| 245 | 1 | 0 | _aFundamentals of engineering drawing |
| 260 |
_aNew York : _bMcGraw-Hill _c1979 |
||
| 300 | _aix, 351p. : ill. | ||
| 350 | _a0.00 | ||
| 500 | _a'Consists of chapters 1 through 18 of Engineering drawing and design, second edition. Bibliography. | ||
| 650 | _aMECHANICAL DRAWING | ||
| 650 | _aENGINEERING | ||
| 700 | _aHelsel, Jay D | ||
| 995 |
_aANNEX COLLECTION (Main Library) _D0.00 _e713567 _FCBU-MAIN LIBRARY (Kitwe) _H1 _I16.95 _jT 353 Jen _M1 _UAVAILABLE _y019184 _ZAnnex Low-Usage Collection |
||
| 995 |
_aANNEX COLLECTION (Main Library) _D0.00 _e713568 _FCBU-MAIN LIBRARY (Kitwe) _H2 _I16.95 _jT 353 Jen _M2 _UAVAILABLE _y026923 _ZAnnex Low-Usage Collection |
||
| 995 |
_aTEXTBOOKS (SBE) _D0.00 _e2247 _FCBU-SCHOOL TEXTBOOK COLLECTIONS _H1 _I0.00 _jSCHOOL TEXTBOOK _M3 _UAVAILABLE _WOct 27, 2008 _y2247 _ZSchool Collections |
||
| 999 |
_c63347 _d63347 |
||